00795nam a22001937a 4500003000400000008004100004020001800045082001700063100001800080245002800098250001200126260003800138300001100176650001200187942001200199999001700211952018700228952018600415OSt240330b |||||||| |||| 00| 0 eng d a9789390122554 a954.0317 CHH aCHANDRA,Bipan aHistory of Modern India aReprint aTelanganabOrient BlackSwanc2022 a351 p. aEnglish 2ddccBK c12347d12347 00102ddc40708BAHONSENGaPIETNCRbPIETNCRd2024-03-23eZafaa Books & DistributorsfIn Rupeesg525.00kZBD0458l0o954.0317 CHHpN3551r2024-03-30 00:00:00v367.50w2024-03-23yREF 00102ddc40708BAHONSENGaPIETNCRbPIETNCRd2024-03-23eZafaa Books & DistributorsfIn Rupeesg525.00kZBD0458l0o954.0317 CHHpN3552r2024-03-30 00:00:00v367.50w2024-03-23yBK